| 000 | 01286cam a2200397Ia 4500 | ||
|---|---|---|---|
| 001 | 50550 | ||
| 005 | 20230411090003.0 | ||
| 008 | 020221s1998 nyua b 001 0beng d | ||
| 035 | _a(OCoLC)ocm49056022 | ||
| 040 |
_aNCM _cNCM _dKUT _dNLGGC _dTBS |
||
| 020 | _a0812932994 | ||
| 020 | _a9780812932997 | ||
| 029 | 1 |
_aNLGGC _b238564185 |
|
| 035 | _a(OCoLC)49056022 | ||
| 043 | _an-us--- | ||
| 084 |
_a86.15 _2bcl |
||
| 092 |
_a347.732634 _bM369w |
||
| 090 |
_aKF8745 M34 _bW55 1998b |
||
| 049 | _aGRAL | ||
| 100 | 1 | _aWilliams, Juan. | |
| 245 | 1 | 0 |
_aThurgood Marshall : _bAmerican revolutionary / _cJuan Williams. |
| 260 |
_aNew York : _bThree Rivers Press, _cc1998. |
||
| 300 |
_axvi, 461 p. : _bill. ; _c21 cm. |
||
| 504 | _aIncludes bibliographical references (p. 433-438) and index. | ||
| 500 | _aReprint. Originally published by Times Books in 1998. | ||
| 600 | 1 | 0 |
_aMarshall, Thurgood, _d1908-1993. |
| 650 | 0 |
_aJudges _zUnited States _vBiography. |
|
| 610 | 1 | 0 |
_aUnited States. _bSupreme Court _vBiography. |
| 650 | 0 |
_aCivil rights workers _zUnited States _vBiography. |
|
| 650 | 1 | 7 |
_aAdvocatuur. _2gtt |
| 650 | 1 | 7 |
_aRechterlijke macht. _2gtt |
| 650 | 1 | 7 |
_aSupreme Court (VS) _2gtt |
| 650 | 1 | 7 |
_aCivil Rights Movement. _2gtt |
| 942 |
_2lcc _cbk |
||
| 994 |
_aC0 _bDRFGD |
||
| 999 |
_c110465 _d110465 |
||